Statistiques concernant Expressions de la langue française avec les animaux

Cliquez ici pour prendre le quiz!

Statistiques générales

  • Ce quiz a été pris 1 799 fois
    (1 518 depuis la dernière actualisation)
  • Le résultat moyen est 41 sur 55

Statistiques - réponses

ExpressionAnimal% Correct
donner sa langue auchat
100%
se jeter dans la gueule duloup
99%
laid comme unpou
97%
sauter du coq à l'...âne
97%
un froid decanard
96%
être rusé comme unrenard
95%
rendez-vous manqué : poser unlapin
94%
prendre le ... par les cornestaureau
93%
quand les ... auront des dentspoules
93%
monter sur ses grandschevaux
93%
très bonne vue : oeil delynx
93%
automobile : faire une queue depoisson
91%
avoir une mémoire d'...éléphant
91%
têtu comme unemule
91%
doux comme unagneau
91%
il y a .... sous rocheanguille
90%
avoir la ... à l'oreillepuce
89%
être myope comme unetaupe
88%
avoir des ... dans les jambesfourmis
88%
mauvais caractère : de ...cochon
88%
avoir des larmes decrocodile
88%
fier comme unpaon
87%
être serrés comme dessardines
86%
muet comme unecarpe
85%
incrédule : gober unemouche
83%
médisance : langue devipère
82%
être comme un ... en pâtecoq
81%
bavard comme unepie
81%
être lent comme unescargot
80%
avoir une cervelle demoineau
80%
être un ... mal léchéours
79%
être frisé comme unmouton
79%
fait comme unrat
78%
être nu comme unver
78%
grande tristesse : avoir lecafard
78%
malin comme unsinge
75%
arriver comme un ... dans un jeu de quilleschien
74%
étourdi : tête delinotte
72%
méchant : peau devache
72%
avoir une ... dans le plafondaraignée
72%
frais comme ungardon
66%
bailler auxcorneilles
65%
chercher des ... à quelqu'unpoux
61%
gai comme unpinson
61%
être lent comme unelimace
60%
ménager la ... et le chouchèvre
55%
avaler unecouleuvre
54%
être connu comme leloup blanc
49%
être noir comme uncorbeau
47%
aucun problème : il n'y a pas delezard
46%
bête comme uneoie
36%
être plat comme unelimande
36%
méchante comme uneteigne
31%
léger comme unpapillon
20%
être heureux commeun poisson dans l'eau
5%

Distribution des résultats

Percentile par nombre de réponses

% des personnes avec chaque résultat

Votre développement - résultats

Vous n’avez pas pris ce quiz depuis la dernière actualisation